| 000 | 00423nam a2200181Ia 4500 | ||
|---|---|---|---|
| 008 | 170918s9999 xx 000 0 und d | ||
| 020 | _a749934972 | ||
| 050 | _bJ765 2004 | ||
| 100 | _aJones, Christina | ||
| 245 | _aHubble bubble / | ||
| 245 | _cby Christina Jones. | ||
| 260 | _aGreat Britain : | ||
| 260 | _bPiatkus, | ||
| 260 | _c2004 | ||
| 300 | _a313 pages : | ||
| 300 | _billustrations ; | ||
| 300 | _c19cm. | ||
| 999 |
_c343886 _d343886 |
||